| 000 | 02601cam a22003498i 4500 | ||
|---|---|---|---|
| 001 | 23074784 | ||
| 003 | EG-ScBUE | ||
| 005 | 20240304105954.0 | ||
| 008 | 230420s2024 nyua f b 001 0 eng d | ||
| 020 | _a9781032392455 | ||
| 040 |
_aDLC _beng _erda _cDLC _dEG-ScBUE |
||
| 082 | 0 | 4 |
_a302.231 _222 _bJIQ |
| 100 | 1 |
_aJi, Qihao, _d1989- _eauthor. |
|
| 245 | 1 | 0 |
_aSocial media and society / _cQihao Ji. |
| 264 | 1 |
_aNew York, NY : _bRoutledge, _c2024. |
|
| 300 |
_axiii, 205 pages : _billustrations ; _c24 cm |
||
| 336 |
_atext _btxt _2rdacontent |
||
| 337 |
_aunmediated _bn _2rdamedia |
||
| 338 |
_avolume _bnc _2rdacarrier |
||
| 504 | _aIncludes bibliographical references and index. | ||
| 520 |
_a"This book offers a detailed exploration of the role social media plays in our daily lives and across a variety of contexts, from social networking sites, messaging applications, and enterprise communication platforms, to virtual reality. Offering readers an introduction to the uses, effects, and central debates surrounding the subject of social media, this text is organized into three sections, each with a distinct focus. Part I provides an overview of social media, defining it through communication characteristics and exploring both theoretical and practical approaches to understanding it; Part II examines the impact of social media on individual users, including its effects on expression, health, and relationship management; and Part III investigates the wider social implications of social media, including its impact on politics, entertainment, marketing, and information consumption. Featuring key contemporary case studies and learner-centered exercises throughout, this book offers a rich and engaging look at the most pertinent issues of the social media era on both an individual and societal level. This is an essential text for students of digital media, communication, journalism, and beyond, as well as a useful resource for researchers and industry professionals interested in exploring the social and psychological effects of social media"-- _cProvided by publisher. |
||
| 650 | 7 |
_aOnline social networks. _2BUEsh |
|
| 650 | 7 |
_aSocial media. _2BUEsh |
|
| 650 | 7 |
_aInternet _xSocial aspects. _2BUEsh |
|
| 653 |
_cMarch2024 _bCOMAME |
||
| 655 | _vReading book | ||
| 776 | 0 | 8 |
_iOnline version: _aJi, Qihao, 1989- _tSocial media and society _dNew York, NY : Routledge, 2024 _z9781003351962 _w(DLC) 2023018844 |
| 906 |
_a7 _bcbc _corignew _d1 _eecip _f20 _gy-gencatlg |
||
| 942 |
_2ddc _cBB |
||
| 999 |
_c30677 _d30648 |
||